[Event "Asti op 4th"]
[Site "Asti"]
[Date "2009.04.18"]
[Round "3"]
[White "Ronzano, Luca"]
[Black "De Francisci, Luigi"]
[Result "1-0"]
[WhiteElo "1998"]
[BlackElo "1914"]
[PlyCount "39"]
[EventDate "2009.04.16"]
[EventType "swiss"]
[EventRounds "6"]
[EventCountry "ITA"]
[SourceTitle "CBM 130 Extra"]
[Source "ChessBase"]
[SourceDate "2009.07.02"]
[SourceVersion "2"]
[SourceVersionDate "2009.07.15"]
[SourceQuality "1"]

1. e4 g6 2. d4 Bg7 3. c3 d6 4. f4 e6 5. Nf3 Ne7 6. Bd3 h6 7. 0-0 d5 8. Nbd2 b6 9. Ne5 dxe4 10. Nxe4 Nd7 11. Qe2 a6 12. Bd2 Bb7 13. Rae1 Nxe5 14. fxe5 Nf5 15. Rf2 0-0 16. g4 Nxd4 17. cxd4 Qxd4 18. Bc3 Qd5 19. Ng3 b5 20. Be4 1-0

[Event "Asti op 4th"]
[Site "Asti"]
[Date "2009.04.17"]
[Round "2"]
[White "De Francisci, Luigi"]
[Black "Piantadosi, Angelo"]
[Result "1-0"]
[WhiteElo "1914"]
[BlackElo "1685"]
[PlyCount "61"]
[EventDate "2009.04.16"]
[EventType "swiss"]
[EventRounds "6"]
[EventCountry "ITA"]
[SourceTitle "CBM 130 Extra"]
[Source "ChessBase"]
[SourceDate "2009.07.02"]
[SourceVersion "2"]
[SourceVersionDate "2009.07.15"]
[SourceQuality "1"]

1. d4 d5 2. e4 e6 3. Be3 dxe4 4. Nd2 Nf6 5. f3 exf3 6. Ngxf3 Nbd7 7. Bd3 c5 8. 0-0 cxd4 9. Nxd4 Bc5 10. N2b3 Bb6 11. Kh1 0-0 12. Bg5 Bxd4 13. Nxd4 Qa5 14. Nf3 b6 15. Qe2 Bb7 16. Bb5 a6 17. Bxd7 Nxd7 18. Be7 Rfe8 19. Bh4 Qh5 20. Bg3 e5 21. Qe3 Rac8 22. Rad1 Nc5 23. Nd2 Rc6 24. Nc4 f5 25. Nd6 Rd8 26. Qxe5 Ne4 27. Qd5+ Kf8 28. Rxf5+ Nf6 29. Rxf6+ gxf6 30. Qxh5 Rxc2 31. Qf7# 1-0

[Event "Asti op 4th"]
[Site "Asti"]
[Date "2009.04.16"]
[Round "1"]
[White "Damia, Angelo"]
[Black "De Francisci, Luigi"]
[Result "1-0"]
[WhiteElo "2235"]
[BlackElo "1914"]
[PlyCount "71"]
[EventDate "2009.04.16"]
[EventType "swiss"]
[EventRounds "6"]
[EventCountry "ITA"]
[SourceTitle "CBM 130 Extra"]
[Source "ChessBase"]
[SourceDate "2009.07.02"]
[SourceVersion "2"]
[SourceVersionDate "2009.07.15"]
[SourceQuality "1"]

1. e4 g6 2. d4 Bg7 3. Nc3 d6 4. f4 e6 5. Nf3 Ne7 6. Be3 h6 7. Qd2 a6 8. a4 b6 9. Bd3 Nd7 10. 0-0 Bb7 11. f5 exf5 12. exf5 g5 13. h4 g4 14. Nh2 Nf6 15. Rae1 Qd7 16. Qe2 h5 17. Bg5 Kf8 18. Ne4 Neg8 19. c3 Re8 20. Qc2 Nxe4 21. Bxe4 Bxe4 22. Rxe4 Nf6 23. Re2 Kg8 24. Rfe1 Kh7 25. Nf1 Rxe2 26. Rxe2 Re8 27. Ng3 Rxe2 28. Qxe2 a5 29. Bxf6 Bxf6 30. Nxh5 Qxf5 31. Qxg4 Qb1+ 32. Kh2 Bh8 33. Ng3 Qxb2 34. Nf5 Qf2 35. Qh5+ Kg8 36. Qg5+ 1-0

[Event "Asti Alfieri Memorial 3rd"]
[Site "Asti"]
[Date "2008.03.29"]
[Round "4"]
[White "De Francisci, Luigi"]
[Black "Del Nevo, Claudio"]
[Result "1/2-1/2"]
[WhiteElo "1961"]
[BlackElo "1920"]
[PlyCount "148"]
[EventDate "2008.03.27"]
[EventType "swiss"]
[EventRounds "6"]
[EventCountry "ITA"]
[SourceTitle "EXT 2011"]
[Source "ChessBase"]
[SourceDate "2010.11.26"]
[SourceVersion "1"]
[SourceVersionDate "2010.11.26"]
[SourceQuality "1"]

1. d4 d6 2. e4 Nf6 3. Nc3 g6 4. Bd3 Bg7 5. Nf3 c6 6. h3 0-0 7. Bf4 Nbd7 8. Qd2 b5 9. Bh6 b4 10. Ne2 a5 11. Bxg7 Kxg7 12. Rd1 Bb7 13. Ng3 h6 14. h4 h5 15. e5 dxe5 16. dxe5 Nh7 17. Nxh5+ gxh5 18. Bxh7 Kxh7 19. Qxd7 Qc8 20. Qd3+ Kg7 21. Ng5 Rh8 22. Qc4 Qf5 23. Qe4 Qxe4+ 24. Nxe4 Ba6 25. Kd2 Bc4 26. b3 Bd5 27. Rhe1 Rhd8 28. Ke3 Bxe4 29. Kxe4 Kg6 30. Rd3 f5+ 31. exf6 exf6 32. Ree3 f5+ 33. Kf4 Kf6 34. Re5 Rxd3 35. Rxf5+ Kg6 36. cxd3 Rd8 37. Rg5+ Kh6 38. Ke3 Ra8 39. Rc5 Ra6 40. Ke4 a4 41. Kd4 axb3 42. axb3 Ra2 43. Rxc6+ Kg7 44. Kc4 Rc2+ 45. Kb5 Rc3 46. Rc4 Rxb3 47. Rxb4 Rxd3 48. Rf4 Rd2 49. Kc5 Kg6 50. Rf3 Rd1 51. Rg3+ Kh6 52. Kc4 Rd2 53. Rf3 Kg6 54. Kc3 Ra2 55. Kd3 Ra4 56. g3 Rb4 57. Re3 Kf5 58. f3 Ra4 59. Ke2 Ra2+ 60. Kf1 Rb2 61. Re2 Rb3 62. Kg2 Ra3 63. Rb2 Ra5 64. Kh3 Ra3 65. Rb5+ Kg6 66. Rg5+ Kh6 67. Rf5 Kg6 68. Rf8 Kg7 69. Rf4 Kg6 70. g4 hxg4+ 71. Kxg4 Ra6 72. h5+ Kh6 73. Rf5 Rb6 74. f4 Ra6 1/2-1/2

[Event "Asti Alfieri Memorial 3rd"]
[Site "Asti"]
[Date "2008.03.29"]
[Round "3"]
[White "Sorgi, Paolo"]
[Black "De Francisci, Luigi"]
[Result "1-0"]
[WhiteElo "1921"]
[BlackElo "1961"]
[PlyCount "85"]
[EventDate "2008.03.27"]
[EventType "swiss"]
[EventRounds "6"]
[EventCountry "ITA"]
[SourceTitle "EXT 2011"]
[Source "ChessBase"]
[SourceDate "2010.11.26"]
[SourceVersion "1"]
[SourceVersionDate "2010.11.26"]
[SourceQuality "1"]

1. e4 a6 2. d4 b5 3. Bd3 Bb7 4. Nf3 e6 5. 0-0 c5 6. c3 d6 7. Qe2 c4 8. Bc2 Nd7 9. Rd1 Be7 10. e5 d5 11. Nbd2 Qb6 12. Re1 h6 13. Nf1 Qd8 14. h3 Nf8 15. N3h2 Nh7 16. f4 Qd7 17. Qg4 Bf8 18. f5 0-0-0 19. Ng3 Ne7 20. Rf1 Ng5 21. Bxg5 hxg5 22. Qxg5 Nc6 23. fxe6 fxe6 24. Ng4 Kb8 25. Qg6 Qc7 26. Rf7 Qb6 27. Ne2 Bc8 28. Raf1 Bd7 29. Qg5 Qc7 30. Nf4 Qc8 31. Ng6 Rg8 32. Qf4 Be8 33. Rxf8 Bxg6 34. Rxd8 Qxd8 35. Bxg6 Ne7 36. Qf7 Nxg6 37. Qxg6 Rf8 38. Qxg7 Rxf1+ 39. Kxf1 b4 40. Nf6 bxc3 41. bxc3 Qa5 42. Nd7+ Kc8 43. Nc5 1-0